Statistics for 2006 Champions League Final FC Barcelona - Arsenal

Click here to take the quiz!

General Stats

  • This quiz has been taken 447 times
  • The average score is 17 of 30

Answer Stats

Player% Correct
Thierry Henry
94%
Carles Puyol
90%
Víctor Valdés
89%
Ronaldinho
87%
Andrés Iniesta
84%
Samuel Eto'o ¹
84%
Robert Pires
74%
Sol Campbell ¹
74%
Jens Lehmann
73%
Arsène Wenger
68%
Kolo Touré
67%
Ashley Cole
65%
Frank Rijkaard
59%
Cesc Fàbregas
56%
Deco
54%
Freddie Ljungberg
52%
Rafael Márquez
52%
Juliano Belletti ¹
46%
Gilberto Silva
45%
Ludovic Giuly
43%
Giovanni van Bronckhorst
40%
Mark van Bommel
39%
Henrik Larsson
35%
Manuel Almunia
31%
Alexander Hleb
28%
Edmílson
28%
Emmanuel Eboué
27%
Oleguer
27%
José Antonio Reyes
24%
Mathieu Flamini
17%

Score Distribution

Percentile by Number Answered

Percent of People with Each Score

Your Score History

You have not taken this quiz